[Event "SVK-chT2A 2122"]
[Site "Slovakia"]
[Date "2022.02.12"]
[Round "7.3"]
[White "Slaba, Andrea"]
[Black "Diviak, Rastislav"]
[Result "1/2-1/2"]
[WhiteElo "1967"]
[BlackElo "1994"]
[PlyCount "132"]
[EventDate "2021.10.16"]
[EventType "team-tourn"]
[EventRounds "11"]
[EventCountry "SVK"]
[SourceTitle "EXT 2023"]
[Source "ChessBase"]
[SourceDate "2022.10.05"]
[SourceVersion "1"]
[SourceVersionDate "2022.10.05"]
[SourceQuality "1"]
[WhiteTeam "Piestany Kupele"]
[BlackTeam "Osuske II"]
[WhiteTeamCountry "SVK"]
[BlackTeamCountry "SVK"]

1. d4 d5 2. Nf3 Nf6 3. c4 e6 4. Bg5 c6 5. Nc3 Nbd7 6. e3 Qa5 7. Bf4 Bb4 8. Qb3 Ne4 9. Rc1 0-0 10. a3 Bd6 11. Bxd6 Nxd6 12. cxd5 exd5 13. Bd3 Nf6 14. 0-0 Nfe4 15. Qc2 f5 16. Ne5 Nf7 17. Nxf7 Rxf7 18. Ne2 Be6 19. Nf4 Re8 20. Be2 Rfe7 21. Nd3 Rf8 22. f3 Nd6 23. Ne5 f4 24. exf4 Rxf4 25. Qc3 Qb6 26. Rfd1 Nf5 27. Kh1 Rxd4 28. Bd3 Rh4 29. Bxf5 Bxf5 30. Re1 Qc7 31. Qe3 Rh6 32. f4 a6 33. b4 Be4 34. Kg1 Rhe6 35. h4 Re8 36. a4 Qe7 37. Qg3 Qxb4 38. Re3 Qe7 39. Re2 Rh6 40. Rb2 Qxh4 41. Qxh4 Rxh4 42. Rxb7 Rxf4 43. Nxc6 Rg4 44. Rb2 h5 45. Rd1 h4 46. Kh2 Re6 47. Nd4 Reg6 48. Rdd2 Rg3 49. Rf2 Rf6 50. Rxf6 gxf6 51. Nb3 Kf7 52. Nc5 Ra3 53. Rb4 Re3 54. Rb6 Re2 55. Nxe4 dxe4 56. Rxa6 Kg6 57. Ra8 Kg5 58. Rg8+ Kf4 59. Rh8 Kg4 60. Rg8+ Kf5 61. Rh8 e3 62. Rxh4 Ra2 63. Kg3 e2 64. Kf2 e1Q+ 65. Kxe1 Rxg2 66. Kf1 Ra2 1/2-1/2

[Event "SVK-chT3A2 2122"]
[Site "Slovakia"]
[Date "2021.11.07"]
[Round "3.1"]
[White "Horak, Ivan"]
[Black "Slaba, Andrea"]
[Result "1-0"]
[WhiteElo "2032"]
[BlackElo "1967"]
[PlyCount "131"]
[EventDate "2021.10.10"]
[EventType "team-tourn"]
[EventRounds "11"]
[EventCountry "SVK"]
[SourceTitle "EXT 2023"]
[Source "ChessBase"]
[SourceDate "2022.10.05"]
[SourceVersion "1"]
[SourceVersionDate "2022.10.05"]
[SourceQuality "1"]
[WhiteTeam "Holic"]
[BlackTeam "Piestany Kupele II"]
[WhiteTeamCountry "SVK"]
[BlackTeamCountry "SVK"]

1. e4 c6 2. c4 d6 3. d4 Nf6 4. Nc3 g6 5. f3 Bg7 6. Be3 e5 7. Qd2 0-0 8. 0-0-0 Qa5 9. Kb1 a6 10. Bd3 Nbd7 11. Nge2 b5 12. Nc1 bxc4 13. Bxc4 Qb4 14. Bb3 a5 15. Nd3 Qb7 16. dxe5 Nxe5 17. Na4 Nxd3 18. Qxd3 Ne8 19. Rd2 Be6 20. Bxe6 fxe6 21. Rc1 c5 22. f4 e5 23. g3 Kh8 24. Nc3 Rb8 25. b3 Qb4 26. Kc2 Rc8 27. Nd5 c4 28. bxc4 Qxc4+ 29. Qxc4 Rxc4+ 30. Kd1 Rxe4 31. Rc8 Kg8 32. Bb6 exf4 33. Nxf4 a4 34. Rd5 Nf6 35. Rxf8+ Bxf8 36. Ra5 Ng4 37. h3 Nf6 38. Ra8 g5 39. Ne2 Nd5 40. Bd4 Ne3+ 41. Kd2 Nf5 42. Kd3 Rxe2 43. Kxe2 Nxd4+ 44. Kd3 Ne6 45. Kc4 Nc5 46. Kd5 Kf7 47. Ra7+ Kg6 48. g4 Nd3 49. Rxa4 Nf4+ 50. Kc6 d5 51. Ra8 Bg7 52. a4 Bd4 53. a5 Nxh3 54. Kxd5 Be3 55. Ra6+ Kf7 56. Ke4 Bc5 57. Rh6 Nf2+ 58. Kf5 Kg7 59. Rc6 Be3 60. a6 h5 61. Rc7+ Kh6 62. Rc6+ Kh7 63. gxh5 g4 64. Rg6 Kh8 65. Re6 Bd4 66. Kg6 1-0

[Event "SVK-ch U20 Girls rapid"]
[Site "Nitra"]
[Date "2021.09.11"]
[Round "5"]
[White "Korenova, Simona"]
[Black "Slaba, Andrea"]
[Result "1-0"]
[WhiteElo "1670"]
[BlackElo "1765"]
[PlyCount "51"]
[EventDate "2021.09.11"]
[EventType "swiss (rapid)"]
[EventRounds "7"]
[EventCountry "SVK"]
[SourceTitle "EXT 2023"]
[Source "ChessBase"]
[SourceDate "2022.10.05"]
[SourceVersion "1"]
[SourceVersionDate "2022.10.05"]
[SourceQuality "1"]

1. d4 Nf6 2. c4 c5 3. e3 cxd4 4. exd4 d5 5. Nf3 e6 6. Nc3 Be7 7. Bf4 a6 8. Be2 0-0 9. 0-0 dxc4 10. Bxc4 b5 11. Bb3 Bb7 12. Be5 Nbd7 13. Qe2 Nb6 14. Rfd1 Nbd5 15. Rac1 Rc8 16. Nxd5 Bxd5 17. Bc2 Bxa2 18. b3 Qd5 19. Qd3 g6 20. Ra1 Bxb3 21. Bxb3 Qc6 22. Qd2 Ne4 23. Qh6 f6 24. d5 Qb7 25. d6 fxe5 26. Bxe6+ 1-0

[Event "SVK-ch U20 Girls rapid"]
[Site "Nitra"]
[Date "2021.09.11"]
[Round "4"]
[White "Slaba, Andrea"]
[Black "Ferkova, Dominika"]
[Result "1/2-1/2"]
[WhiteElo "1765"]
[BlackElo "1857"]
[PlyCount "129"]
[EventDate "2021.09.11"]
[EventType "swiss (rapid)"]
[EventRounds "7"]
[EventCountry "SVK"]
[SourceTitle "EXT 2023"]
[Source "ChessBase"]
[SourceDate "2022.10.05"]
[SourceVersion "1"]
[SourceVersionDate "2022.10.05"]
[SourceQuality "1"]

1. d4 d5 2. c4 e6 3. Nc3 c6 4. e3 Nf6 5. Nf3 Nbd7 6. Qc2 Be7 7. Be2 dxc4 8. Bxc4 b5 9. Be2 Bb7 10. 0-0 0-0 11. e4 b4 12. Na4 c5 13. e5 Be4 14. Bd3 Bxd3 15. Qxd3 Nd5 16. dxc5 Qa5 17. b3 Nxc5 18. Nxc5 Qxc5 19. Bg5 Qc3 20. Qe4 h6 21. Bxe7 Nxe7 22. Rac1 Qb2 23. Qxb4 Nd5 24. Qd2 Qxd2 25. Nxd2 Nb4 26. Rc4 a5 27. a3 Nd3 28. f4 Rfd8 29. Ne4 Rab8 30. Rc3 Rd4 31. g3 Nxe5 32. fxe5 Rxe4 33. Rc7 Rf8 34. Rc5 Re3 35. Rb5 a4 36. bxa4 Rxa3 37. a5 f6 38. exf6 Rxf6 39. Rxf6 gxf6 40. Rb6 Kf7 41. Rb7+ Kg6 42. Rb6 e5 43. a6 Ra2 44. Re6 Kf5 45. Rb6 e4 46. h3 e3 47. Kf1 Ke5 48. Ke1 h5 49. h4 f5 50. Kf1 Ke4 51. Rb4+ Kd3 52. Rb3+ Ke4 53. Rb4+ Kf3 54. Rf4+ Kxg3 55. Rxf5 Rxa6 56. Rxh5 Ra2 57. Rg5+ Kf4 58. Rg8 Ra1+ 59. Ke2 Ra2+ 60. Ke1 Ra1+ 61. Ke2 Ra2+ 62. Ke1 Rh2 63. Rf8+ Kg4 64. Re8 Kxh4 65. Rxe3 1/2-1/2

[Event "SVK-ch U20 Girls rapid"]
[Site "Nitra"]
[Date "2021.09.11"]
[Round "1"]
[White "Slaba, Andrea"]
[Black "Jancovicova, Petra"]
[Result "1-0"]
[WhiteElo "1765"]
[BlackElo "1334"]
[PlyCount "69"]
[EventDate "2021.09.11"]
[EventType "swiss (rapid)"]
[EventRounds "7"]
[EventCountry "SVK"]
[SourceTitle "EXT 2023"]
[Source "ChessBase"]
[SourceDate "2022.10.05"]
[SourceVersion "1"]
[SourceVersionDate "2022.10.05"]
[SourceQuality "1"]

1. d4 d5 2. c4 e6 3. Nc3 Nf6 4. cxd5 exd5 5. Bg5 Be7 6. e3 0-0 7. Bd3 h6 8. Bh4 Be6 9. Nge2 Qd7 10. 0-0 Nc6 11. a3 Bf5 12. Bb5 a6 13. Ba4 Rfe8 14. Bb3 Na5 15. Bxf6 Nxb3 16. Qxb3 gxf6 17. Nxd5 Be4 18. Nxe7+ Qxe7 19. f3 Bc6 20. e4 Bb5 21. Rf2 b6 22. Nc3 Qd7 23. Nxb5 axb5 24. Rd1 Ra4 25. Qe3 Kh7 26. Rfd2 f5 27. e5 f6 28. f4 Qd5 29. Qd3 Qe4 30. Qxe4 fxe4 31. Re2 f5 32. d5 Kg7 33. Kf2 Kf7 34. Ke3 Ke7 35. Rd4 1-0

[Event "SVK-ch U20 Girls rapid"]
[Site "Nitra"]
[Date "2021.09.11"]
[Round "6"]
[White "Slaba, Andrea"]
[Black "Simonova, Stela"]
[Result "1/2-1/2"]
[WhiteElo "1765"]
[BlackElo "1516"]
[PlyCount "101"]
[EventDate "2021.09.11"]
[EventType "swiss (rapid)"]
[EventRounds "7"]
[EventCountry "SVK"]
[SourceTitle "EXT 2023"]
[Source "ChessBase"]
[SourceDate "2022.10.05"]
[SourceVersion "1"]
[SourceVersionDate "2022.10.05"]
[SourceQuality "1"]

1. d4 Nf6 2. c4 c5 3. Nf3 g6 4. Nc3 Bg7 5. d5 d6 6. e4 0-0 7. Be2 Bd7 8. 0-0 a6 9. a4 e6 10. dxe6 Bxe6 11. Bf4 Qb6 12. Qc2 Rd8 13. Rad1 Nh5 14. Be3 Nc6 15. Ng5 Nf6 16. Nf3 Ng4 17. Bf4 Nge5 18. Bxe5 Nxe5 19. Nxe5 Bxe5 20. Nd5 Bxd5 21. exd5 Rab8 22. b3 Qc7 23. Rd3 Qe7 24. Qd2 Bg7 25. Bg4 Re8 26. Re3 Qh4 27. h3 Bd4 28. Re2 Rxe2 29. Qxe2 Qd8 30. Re1 Qb6 31. Qd3 Be5 32. h4 h5 33. Bf3 Kg7 34. g3 Qc7 35. Bg2 Qd7 36. Kh2 Re8 37. f4 Bd4 38. Rxe8 Qxe8 39. f5 Qe3 40. Qxe3 Bxe3 41. Be4 a5 42. Kg2 Kf6 43. fxg6 fxg6 44. Kf3 Bd4 45. Bd3 b6 46. Bc2 Be5 47. Bd3 Bd4 48. g4 hxg4+ 49. Kxg4 Be5 50. Be4 Bd4 51. Bd3 1/2-1/2

[Event "SVK-ch Amateurs"]
[Site "Topolcany"]
[Date "2021.08.09"]
[Round "7"]
[White "Listiak, Juraj"]
[Black "Slaba, Andrea"]
[Result "0-1"]
[WhiteElo "1989"]
[BlackElo "1927"]
[PlyCount "62"]
[EventDate "2021.08.06"]
[EventType "swiss"]
[EventRounds "7"]
[EventCountry "SVK"]
[SourceTitle "EXT 2022"]
[Source "ChessBase"]
[SourceDate "2021.10.06"]
[SourceVersion "1"]
[SourceVersionDate "2021.10.06"]
[SourceQuality "1"]

1. e4 c6 2. d4 d5 3. exd5 cxd5 4. c3 e6 5. Bd3 Bd6 6. Nf3 Ne7 7. 0-0 f6 8. Re1 0-0 9. Nbd2 Nbc6 10. Nf1 e5 11. dxe5 fxe5 12. Be2 e4 13. Nd4 Nxd4 14. Qxd4 Be6 15. Bg5 Qc7 16. Bxe7 Qxe7 17. b4 Qg5 18. Rac1 Be5 19. Qd2 Bf4 20. Qc2 Bxc1 21. Rxc1 Rac8 22. c4 Qf4 23. f3 exf3 24. gxf3 dxc4 25. Ng3 Qe3+ 26. Kg2 Bd5 27. Qc3 Bxf3+ 28. Bxf3 Rxf3 29. Qc2 Qd3 30. Qb2 Re8 31. b5 Rxg3+ 0-1

[Event "SVK-ch Amateurs"]
[Site "Topolcany"]
[Date "2021.08.08"]
[Round "4"]
[White "Pejko, Otomar"]
[Black "Slaba, Andrea"]
[Result "1/2-1/2"]
[WhiteElo "2123"]
[BlackElo "1927"]
[PlyCount "95"]
[EventDate "2021.08.06"]
[EventType "swiss"]
[EventRounds "7"]
[EventCountry "SVK"]
[SourceTitle "EXT 2022"]
[Source "ChessBase"]
[SourceDate "2021.10.06"]
[SourceVersion "1"]
[SourceVersionDate "2021.10.06"]
[SourceQuality "1"]

1. e4 c6 2. d4 d5 3. e5 c5 4. c3 Nc6 5. Be2 cxd4 6. cxd4 Qb6 7. Nc3 e6 8. Nf3 Nge7 9. Na4 Qd8 10. Bg5 h6 11. Be3 Nf5 12. 0-0 Nxe3 13. fxe3 Be7 14. Rc1 0-0 15. Bd3 Nb4 16. Bb1 Bd7 17. a3 Na6 18. Nc3 Nc7 19. Rf2 Ne8 20. Qd3 g6 21. Ne2 Ng7 22. g4 Qe8 23. Nc3 Qd8 24. Rcf1 a6 25. h3 Rc8 26. Ne1 Be8 27. Ng2 Qc7 28. Rc2 Qd8 29. Rfc1 Rc6 30. Nf4 Bg5 31. Rf1 f5 32. exf6 Rxf6 33. Rcf2 Rc7 34. Ba2 Kh7 35. Qe2 Rcf7 36. Bb1 Rf8 37. Nd3 Rxf2 38. Rxf2 Rxf2 39. Qxf2 Qf6 40. Nc5 Qe7 41. b4 Bh4 42. Qf3 Bf7 43. Ne2 Ne8 44. Bd3 Nd6 45. Kg2 Kg7 46. Nf4 Bf6 47. Kf1 Nc8 48. Ke2 1/2-1/2

[Event "SVK-ch Amateurs"]
[Site "Topolcany"]
[Date "2021.08.08"]
[Round "5"]
[White "Slaba, Andrea"]
[Black "Bochnickova, Andrea"]
[Result "0-1"]
[WhiteElo "1927"]
[BlackElo "2100"]
[PlyCount "88"]
[EventDate "2021.08.06"]
[EventType "swiss"]
[EventRounds "7"]
[EventCountry "SVK"]
[SourceTitle "EXT 2022"]
[Source "ChessBase"]
[SourceDate "2021.10.06"]
[SourceVersion "1"]
[SourceVersionDate "2021.10.06"]
[SourceQuality "1"]

1. Nf3 Nf6 2. c4 c5 3. Nc3 Nc6 4. g3 d6 5. d4 cxd4 6. Nxd4 g6 7. Bg2 Bd7 8. 0-0 Bg7 9. e3 0-0 10. b3 a6 11. Bb2 Qa5 12. Qe2 Rfc8 13. Rfd1 Rab8 14. Nxc6 Bxc6 15. Bxc6 bxc6 16. e4 Nd7 17. Na4 Bxb2 18. Nxb2 Qe5 19. Nd3 Qe6 20. Re1 Ne5 21. f4 Nxd3 22. Qxd3 Rd8 23. Rad1 Qg4 24. Kg2 f6 25. Qe3 e5 26. h3 Qh5 27. Qa7 exf4 28. gxf4 g5 29. Kh2 g4 30. Qe3 Kh8 31. Rg1 Rg8 32. Rde1 Rg6 33. Rg3 Rbg8 34. Reg1 h6 35. Qc3 Kh7 36. f5 Rg5 37. Qxf6 gxh3 38. Rxg5 hxg5 39. Qb2 Qf3 40. Rg3 Qf4 41. Kxh3 g4+ 42. Kg2 Qxe4+ 43. Kg1 Qe1+ 44. Kg2 Re8 0-1

[Event "Piestany Slovakia op"]
[Site "Piestany"]
[Date "2021.07.18"]
[Round "9"]
[White "Slaba, Andrea"]
[Black "Kukan, Michal"]
[Result "1/2-1/2"]
[WhiteElo "1969"]
[BlackElo "1804"]
[PlyCount "148"]
[EventDate "2021.07.10"]
[EventType "swiss"]
[EventRounds "9"]
[EventCountry "SVK"]
[SourceTitle "CBM 203 Extra"]
[Source "ChessBase"]
[SourceDate "2021.09.30"]
[SourceVersion "1"]
[SourceVersionDate "2021.09.30"]
[SourceQuality "1"]

1. d4 d6 2. c4 g6 3. Nf3 Bg7 4. Nc3 Nd7 5. e4 e5 6. d5 Ngf6 7. Be2 0-0 8. 0-0 Nc5 9. Qc2 a5 10. Ne1 Bd7 11. b3 Qe8 12. f3 c6 13. Nd3 Nxd3 14. Qxd3 cxd5 15. Nxd5 Nxd5 16. Qxd5 Bc6 17. Qxd6 f5 18. Qd3 Rd8 19. Qc2 fxe4 20. fxe4 Rxf1+ 21. Kxf1 Qf8+ 22. Bf3 Qc5 23. Qf2 Qb4 24. Be3 Bxe4 25. Bxe4 Rf8 26. Bd5+ Kh8 27. Bf3 e4 28. Rd1 exf3 29. gxf3 Qc3 30. Kg2 Qf6 31. Rd7 Qc6 32. Rd5 a4 33. Bc5 Re8 34. Bd4 Qe6 35. Bxg7+ Kxg7 36. Qd4+ Kg8 37. Rd7 Qe2+ 38. Qf2 Re5 39. Rd2 Rg5+ 40. Kh1 Qe5 41. Re2 Qf6 42. Qe3 Rf5 43. Qe8+ Kg7 44. Qe7+ Qf7 45. Qxf7+ Kxf7 46. Kg2 b5 47. cxb5 axb3 48. axb3 Rxb5 49. Re3 Kf6 50. Kf2 h5 51. Ke2 g5 52. Kd2 Kf5 53. Kc3 Kf4 54. Rd3 Rc5+ 55. Kd2 Ra5 56. Ke2 Ra2+ 57. Rd2 Rxd2+ 58. Kxd2 Kxf3 59. b4 Ke4 60. b5 Kd5 61. Ke3 Kc5 62. Ke4 Kxb5 63. Kf5 h4 64. Kxg5 h3 65. Kg4 Kc6 66. Kxh3 Kd6 67. Kg4 Ke7 68. Kg5 Kf7 69. Kh6 Kg8 70. h4 Kh8 71. Kg6 Kg8 72. h5 Kh8 73. h6 Kg8 74. h7+ Kh8 1/2-1/2

[Event "Piestany Slovakia op"]
[Site "Piestany"]
[Date "2021.07.16"]
[Round "7"]
[White "Slaba, Andrea"]
[Black "Skreno, Vladimir"]
[Result "0-1"]
[WhiteElo "1969"]
[BlackElo "2092"]
[PlyCount "94"]
[EventDate "2021.07.10"]
[EventType "swiss"]
[EventRounds "9"]
[EventCountry "SVK"]
[SourceTitle "CBM 203 Extra"]
[Source "ChessBase"]
[SourceDate "2021.09.30"]
[SourceVersion "1"]
[SourceVersionDate "2021.09.30"]
[SourceQuality "1"]

1. d4 Nf6 2. c4 c6 3. Nc3 d6 4. Nf3 g6 5. e4 Bg7 6. Bg5 Nbd7 7. Qc1 h6 8. Bd2 e5 9. Be2 Qc7 10. dxe5 dxe5 11. b4 Nf8 12. h3 Ne6 13. Be3 Nh5 14. Qd2 Nhf4 15. Bf1 0-0 16. Rd1 Rd8 17. Qc1 Rxd1+ 18. Qxd1 Bf8 19. c5 a5 20. a3 axb4 21. axb4 Ng5 22. Nxg5 hxg5 23. g3 Ne6 24. Bc4 Nd4 25. Ne2 Ra1 26. Qxa1 Nc2+ 27. Kd2 Nxa1 28. Rxa1 Qd8+ 29. Kc3 Bxh3 30. Ng1 Bg4 31. f3 Bc8 32. Ra8 Kg7 33. Nh3 g4 34. fxg4 Qc7 35. Ng5 f6 36. Be6 Bd7 37. Bxd7 Qxd7 38. Nf3 Qxg4 39. Nd2 Qxg3 40. Kd3 Qh3 41. Ra7 Qd7+ 42. Ke2 f5 43. Nc4 Kf6 44. exf5 gxf5 45. Bf2 e4 46. Bh4+ Ke6 47. Ra3 Qd4 0-1

[Event "Piestany Slovakia op"]
[Site "Piestany"]
[Date "2021.07.15"]
[Round "6"]
[White "Paluska, Karol"]
[Black "Slaba, Andrea"]
[Result "0-1"]
[WhiteElo "1744"]
[BlackElo "1969"]
[PlyCount "52"]
[EventDate "2021.07.10"]
[EventType "swiss"]
[EventRounds "9"]
[EventCountry "SVK"]
[SourceTitle "CBM 203 Extra"]
[Source "ChessBase"]
[SourceDate "2021.09.30"]
[SourceVersion "1"]
[SourceVersionDate "2021.09.30"]
[SourceQuality "1"]

1. Nf3 Nf6 2. g3 g6 3. Bg2 Bg7 4. 0-0 0-0 5. d4 d6 6. c4 Nbd7 7. Nc3 e5 8. e3 Ne8 9. b3 f5 10. Bb2 e4 11. Ne1 Nef6 12. b4 c6 13. Qb3 Nb6 14. c5+ Nbd5 15. Nxd5 cxd5 16. a4 Kh8 17. b5 Rg8 18. Nc2 g5 19. Nb4 Be6 20. c6 bxc6 21. Nxc6 Qe8 22. a5 a6 23. bxa6 Qxc6 24. Qb7 Qxa6 25. Qb6 Qxb6 26. axb6 Rab8 0-1